Normal view
MARC view
Entry Topical Term
001 - CONTROL NUMBER
- control field: 6385
003 - CONTROL NUMBER IDENTIFIER
- control field: ARRUPE
005 - DATE AND TIME OF LATEST TRANSACTION
- control field: 20131220154202.0
008 - FIXED-LENGTH DATA ELEMENTS
- fixed length control field: 131220|| aca||aabn | a|a d
040 ## - CATALOGING SOURCE
- Original cataloging agency: ARRUPE
- Transcribing agency: ARRUPE
150 ## - HEADING--TOPICAL TERM
- Topical term or geographic name as entry element: Subjectivity.
670 ## - SOURCE DATA FOUND
- Source citation: Work cat.: (ARRUPE)0: Mbembé, J.-A., 1957- 6381, On the postcolony /, c2001.